000 00358pab a2200157 454500
008 180718b2002 xxu||||| |||| 00| 0 eng d
100 _aDenis, G.
245 _aFood security and globalisation
260 _c2002
300 _ap.1-4.
362 _aApr-Jun
650 _aGlobalization
650 _aFood supply
773 _aProductivity
909 _a54403
999 _c54403
_d54403